Baukunst der Barock in Europa /

Colección que ofrece un recorrido esencialmente gráfico por las grandes expresiones y estilos del arte europeo, con un texto introductorio que caracteriza de manera global el período correspondiente.

Gardado en:
Detalles Bibliográficos
Autor Principal: Busch, Harald (ed.)
Outros autores: Lohse, Bernd (edición) (edición), Gerstenberg, Kurt (introducción) (introducción)
Formato: Libro
Idioma:German
Publicado: Frankfurt, Alemania : Umschau, 1961, c1961
Edición:2a edición
Series:(Monumente des Abendlandes)
Temas:
Etiquetas: Engadir etiqueta
Sen Etiquetas, Sexa o primeiro en etiquetar este rexistro!

MARC

LEADER 00000nam^a2200000^a^4500
001 000321249
005 20250521000000.0
008 120426 19611961
009 20260310113537.118
037 |a Acervo ITESO - Biblioteca 
041 |a ALE 
082 |a 709. 40  |b MON V. 7 
100 |a Busch, Harald  |e (ed.) 
245 1 0 |a Baukunst der Barock in Europa /  |c Ed. de H. Busch, B. Lohse ; introd. de K. Gerstenberg ; pies de foto de Eva-Maria Wagner. 
250 |a 2a edición 
264 4 |a Frankfurt, Alemania :  |b Umschau,  |c 1961, c1961 
300 |a XXXIX, 240 p. 
336 |a texto  |b txt  |2 rdacontenido 
337 |a sin mediación  |b n  |2 rdamedio 
338 |a volumen  |b nc  |2 rdasoporte 
440 1 |a (Monumente des Abendlandes) 
520 |a Colección que ofrece un recorrido esencialmente gráfico por las grandes expresiones y estilos del arte europeo, con un texto introductorio que caracteriza de manera global el período correspondiente. 
649 |a XX 
650 |a Arquitectura Barroca -  |z Europa -  |x Tema Principal 
650 |a Arquitectura Barroca -  |z Europa -  |x Historia y Crítica 
650 |a Arquitectura Barroca -  |x Tema Principal 
650 |a Arquitectura Barroca -  |x Historia y Crítica 
650 |a Arquitectura Europea -  |x Tema Principal 
650 |a Arquitectura Europea -  |x Historia y Crítica 
650 |a Arte Barroco -  |z Europa -  |x Tema Principal 
650 |a Arte Barroco -  |z Europa -  |x Historia y Crítica 
650 |a Arte Barroco -  |x Tema Principal 
650 |a Arte Barroco -  |x Historia y Crítica 
650 |a Arte Europeo -  |x Historia y Crítica 
700 |a Lohse, Bernd  |e (edición) 
700 |a Gerstenberg, Kurt  |e (introducción) 
910 |a Fondo Ignacio Díaz Morales 
920 |a Impresos - Libros 
930 |a Arquitectos Jaliscienses 
905 |a 114 
901 |a 0500208342  |b IT1  |c JAL  |i D58119  |u 20250521 
902 |a https://opac.biblio.iteso.mx/vufind/Record/000321249